Statistics for Active NFL Players by Receiving Yards

Click here to take the quiz!

General Stats

  • This quiz has been taken 490 times
  • The average score is 10 of 20

Answer Stats

Current TeamYardsPlayer% Correct
Cardinals13.727Larry Fitzgerald
86%
Steelers7,540Antonio Brown
85%
Falcons6,718Julio Jones
83%
Ravens14,242Steve Smith
80%
Titans14.185Andre Johnson
79%
Bengals6,689A.J. Green
69%
Broncos7,037Demaryius Thomas
64%
Packers6,353Jordy Nelson
60%
Jets11,636Brandon Marshall
59%
Chargers10,725Antonio Gates
58%
Redskins8,092DeSean Jackson
57%
Buccaneers9,080Vincent Jackson
57%
Cowboys11,447Jason Witten
53%
Panthers6,808Greg Olsen
32%
Redskins6,257Pierre Garcon
32%
Lions13,379Anquan Boldin
31%
Chiefs6,103Jeremy Maclin
23%
Free Agent7,208Dwayne Bowe
19%
Ravens6,580Mike Wallace
15%
Free Agent6,954Nate Washington
1%

Score Distribution

Percentile by Number Answered

Percent of People with Each Score

Your Score History

You have not taken this quiz